LEADER 00570nam a2200169 i 4500 001 000000244483 003 CaOOAMICUS 005 20150810000000.0 008 150810s1838 it u000 u fre u 013 $a223388 040 $aSeMil$bita 245 10$aTome 5. 300 $a819 p. 773 0 $aBourdaloue, Louis $tOeuvres de Bourdaloue.$dA Paris : Chez Lefèvre : Pourrat Frères, 1838.$g5$w()32395 850 $aSeMil 852 $aSeMil$W1$xVenegono$y1$m3F IV 225 FA$j194829$B194829$CSeMilBibl$Z2$F205491 $8I 996 $6245$aTome 5$9(OLS)http://semarc/title/1596 LEADER 00898nam a2200205 i 4500 001 000000012389 003 CaOOAMICUS 005 20180830125441.0 008 180830s1892 it u000 u ita u 040 $aSeMil$bita 100 1 $aSchiappoli, Domenico <1870-1945>.$0(OLS)http://semarc/name/5912 245 10$aDiritto ecclesiastico vigente in Francia /$cDomenico Schiappoli. 260 $aTorino :$bFratelli Bocca,$c1892-1893. 300 $a2 v. ;$c24 cm. 500 $aLegati insieme i 2 vol. 650 4$aDiritto ecclesiastico - Francia.$0(OLS)http://semarc/subject/2040 774 0 $tDiritti, prerogative, doveri, incapacità, abusi degli ecclesiastici.$g1$w()58882 774 0 $tRegolari: ordini e congregazioni religiose.$g2$w()221005 996 $6245$aDiritto ecclesiastico vigente in Francia$9(OLS)http://semarc/title/16443 996 $6260$aTorino :$bFratelli Bocca$9(OLS)http://semarc/publisher/31876